[Event "Bournemouth op"]
[Site "Bournemouth"]
[Date "2012.04.22"]
[Round "4"]
[White "Grigoryan, Meri"]
[Black "Ponter, Ian"]
[Result "0-1"]
[WhiteElo "2020"]
[BlackElo "2019"]
[PlyCount "34"]
[EventDate "2012.04.20"]
[EventType "swiss"]
[EventRounds "5"]
[EventCountry "ENG"]
[SourceTitle "CBM 148 Extra"]
[Source "ChessBase"]
[SourceDate "2012.06.22"]
[SourceVersion "1"]
[SourceVersionDate "2012.06.22"]
[SourceQuality "1"]

1. d4 Nf6 2. c4 e6 3. Nf3 Bb4+ 4. Bd2 Qe7 5. a3 Bxd2+ 6. Nbxd2 d6 7. e4 e5 8. d5 0-0 9. b4 a5 10. h3 Na6 11. Bd3 Bd7 12. Qb1 axb4 13. axb4 Nxb4 14. 0-0 Rxa1 15. Qxa1 Nxd3 16. Qa7 Nc5 17. Rb1 Qe8 0-1

[Event "BCF-chT3 1112 (4NCL)"]
[Site "England"]
[Date "2012.04.01"]
[Round "8.171"]
[White "Tart, Peter K"]
[Black "Ponter, Ian"]
[Result "1-0"]
[WhiteElo "1972"]
[BlackElo "2019"]
[PlyCount "73"]
[EventDate "2011.11.12"]
[EventType "team-swiss"]
[EventRounds "11"]
[EventCountry "ENG"]
[SourceTitle "EXT 2013"]
[Source "ChessBase"]
[SourceDate "2012.11.22"]
[SourceVersion "1"]
[SourceVersionDate "2012.11.22"]
[SourceQuality "1"]
[WhiteTeam "AMCA Cheetahs"]
[BlackTeam "Bristol III"]
[WhiteTeamCountry "ENG"]
[BlackTeamCountry "ENG"]

1. e4 e5 2. Nf3 Nc6 3. Bb5 a6 4. Ba4 Nf6 5. Qe2 b5 6. Bb3 Bc5 7. d3 0-0 8. Bg5 h6 9. Bh4 g5 10. Bg3 d6 11. c3 Bb6 12. Nbd2 Qe7 13. Nf1 Be6 14. Ne3 Bxe3 15. fxe3 a5 16. 0-0 Nh5 17. Be1 Ng7 18. d4 Bxb3 19. axb3 Rfb8 20. Nd2 Nd8 21. h4 Nde6 22. hxg5 Nxg5 23. Bh4 f6 24. Rf2 a4 25. Raf1 Rf8 26. Qxb5 a3 27. bxa3 Rxa3 28. Qd5+ Kh7 29. Bxg5 hxg5 30. Nf3 Kg6 31. dxe5 dxe5 32. Nxe5+ Qxe5 33. Qxe5 fxe5 34. Rxf8 Rxb3 35. R1f6+ Kh7 36. Rc6 Rb1+ 37. Kh2 1-0

[Event "BCF-chT3S 1112 (4NCL)"]
[Site "England"]
[Date "2012.01.14"]
[Round "3.5"]
[White "Hewitt, Sean"]
[Black "Ponter, Ian"]
[Result "1-0"]
[WhiteElo "1872"]
[BlackElo "2019"]
[PlyCount "123"]
[EventDate "2011.11.12"]
[EventType "team-swiss"]
[EventRounds "6"]
[EventCountry "ENG"]
[SourceTitle "EXT 2013"]
[Source "ChessBase"]
[SourceDate "2012.11.22"]
[SourceVersion "1"]
[SourceVersionDate "2012.11.22"]
[SourceQuality "1"]
[WhiteTeam "e2e4.org.uk IV"]
[BlackTeam "Bristol II"]
[WhiteTeamCountry "ENG"]
[BlackTeamCountry "ENG"]

1. e4 e5 2. Bc4 Nc6 3. Nc3 Nf6 4. d3 Bb4 5. a3 Bxc3+ 6. bxc3 0-0 7. Bg5 d6 8. Ne2 Be6 9. Bb3 h6 10. Bd2 Bxb3 11. cxb3 d5 12. Ng3 dxe4 13. dxe4 Qd3 14. Qe2 Rfd8 15. 0-0-0 Qxe2 16. Nxe2 Nxe4 17. Be3 f5 18. f3 Nf6 19. Rhe1 Kf7 20. Bd2 Rd7 21. Ng3 Kg6 22. b4 Rad8 23. h4 Rd5 24. Ne2 b5 25. Be3 a6 26. Bc5 f4 27. Rxd5 Rxd5 28. Kc2 Nd7 29. Bf2 Nb6 30. Bxb6 cxb6 31. Nxf4+ exf4 32. Re6+ Kh5 33. Rxc6 a5 34. Rxb6 axb4 35. axb4 Kxh4 36. Rg6 Rd7 37. Rg4+ Kh5 38. Rxf4 g5 39. Rf5 Rb7 40. Rf6 g4 41. fxg4+ Kxg4 42. Rxh6 Rg7 43. Rc6 Kg3 44. Rc5 Rb7 45. Rg5+ Kf4 46. Rg8 Ke4 47. g4 Ke5 48. Rf8 Kd6 49. Rf5 Kc6 50. Rc5+ Kb6 51. Kd3 Re7 52. Kd4 Re1 53. g5 Re2 54. Kd5 Re3 55. Kd6 Re1 56. Rc6+ Kb7 57. Rc7+ Kb6 58. Re7 Rc1 59. g6 Rxc3 60. g7 Rg3 61. Rf7 Rg6+ 62. Ke7 1-0

[Event "BCF-chT3 0910 (4NCL)"]
[Site "England"]
[Date "2010.01.16"]
[Round "3.3"]
[White "Ponter, Ian"]
[Black "Fathallah, Joe"]
[Result "1-0"]
[WhiteElo "2046"]
[BlackElo "1951"]
[PlyCount "37"]
[EventDate "2009.10.24"]
[EventType "team-tourn"]
[EventRounds "11"]
[EventCountry "ENG"]
[SourceTitle "EXT 2011"]
[Source "ChessBase"]
[SourceDate "2010.11.26"]
[SourceVersion "1"]
[SourceVersionDate "2010.11.26"]
[SourceQuality "1"]
[WhiteTeam "Bristol II"]
[BlackTeam "Celtic Tigers II"]
[WhiteTeamCountry "ENG"]
[BlackTeamCountry "ENG"]

1. e4 e6 2. d4 d5 3. Nd2 Nf6 4. e5 Nfd7 5. Bd3 c5 6. c3 Nc6 7. Ngf3 Be7 8. 0-0 0-0 9. Re1 f6 10. exf6 Bxf6 11. Nf1 e5 12. dxe5 Ndxe5 13. Nxe5 Nxe5 14. Rxe5 Bxe5 15. Qh5 Bxh2+ 16. Nxh2 h6 17. Bxh6 Qf6 18. Bh7+ Kh8 19. Be3 1-0

[Event "East Devon op"]
[Site "Exeter"]
[Date "2009.03.08"]
[Round "4"]
[White "Ponter, Ian"]
[Black "Woodruff, Adam"]
[Result "1-0"]
[WhiteElo "1984"]
[BlackElo "1824"]
[PlyCount "103"]
[EventDate "2009.03.06"]
[EventType "swiss"]
[EventRounds "5"]
[EventCountry "ENG"]
[SourceTitle "EXT 2011"]
[Source "ChessBase"]
[SourceDate "2010.11.26"]
[SourceVersion "1"]
[SourceVersionDate "2010.11.26"]
[SourceQuality "1"]

1. e4 e5 2. Nf3 Nc6 3. d4 exd4 4. Nxd4 Nf6 5. Nxc6 bxc6 6. e5 Ne4 7. Nd2 Nxd2 8. Bxd2 Bc5 9. Bd3 0-0 10. 0-0 d6 11. Qh5 g6 12. Qf3 Bb7 13. exd6 cxd6 14. Bh6 Re8 15. Rad1 Qh4 16. Bf4 Re6 17. Bg3 Qe7 18. Qg4 Re8 19. Bh4 Qf8 20. Qg3 d5 21. Qf3 Bb6 22. Bg3 Qe7 23. c4 d4 24. Qg4 c5 25. Bh4 Qd6 26. Bg3 Qc6 27. f3 Bc8 28. Qh4 Bd8 29. Qh6 Re3 30. Be4 Qe6 31. Bd5 Qf6 32. Bf2 Re2 33. Qc1 Bf5 34. Rfe1 Rxe1+ 35. Rxe1 Rxe1+ 36. Qxe1 Be6 37. Qe4 Qf5 38. Bxe6 Qxe6 39. Qd3 a5 40. Kf1 Bg5 41. a3 Qb6 42. Qe2 Qb8 43. Bg3 Bf4 44. Bxf4 Qxf4 45. h3 Qf5 46. Kf2 Kf8 47. Qd2 a4 48. Qd1 Qe6 49. Qd3 Qb6 50. Qd2 Qb3 51. Qe2 d3 52. Qe5 1-0

[Event "BCF-chT4 0708 (4NCL)"]
[Site "England"]
[Date "2008.05.03"]
[Round "9.2"]
[White "Ponter, Ian"]
[Black "Goodger, Martyn"]
[Result "1/2-1/2"]
[WhiteElo "2052"]
[BlackElo "2180"]
[PlyCount "66"]
[EventDate "2007.09.15"]
[EventType "team-swiss"]
[EventRounds "11"]
[EventCountry "ENG"]
[SourceTitle "EXT 2009"]
[Source "ChessBase"]
[SourceDate "2008.11.26"]
[SourceVersion "1"]
[SourceVersionDate "2008.11.26"]
[SourceQuality "1"]
[WhiteTeam "Gloucestershire. Gambits"]
[BlackTeam "Poisoned Pawns II"]
[WhiteTeamCountry "ENG"]
[BlackTeamCountry "ENG"]

1. e4 e5 2. Nf3 Nf6 3. Nxe5 d6 4. Nf3 Nxe4 5. Nc3 Nxc3 6. dxc3 Be7 7. Bf4 0-0 8. Qd2 Nd7 9. 0-0-0 Nc5 10. Bd3 Nxd3+ 11. Qxd3 Qd7 12. Kb1 Qg4 13. Qe3 Bf6 14. h3 Qd7 15. g4 Re8 16. Qd3 Qa4 17. Bg5 Be5 18. Be3 Be6 19. b3 Qc6 20. Nd4 Bxd4 21. Qxd4 a5 22. f4 f6 23. Rhe1 a4 24. b4 Bf7 25. Bc1 Qg2 26. Qd3 Qc6 27. f5 Bc4 28. Qd4 Bf7 29. a3 Qd7 30. c4 Re7 31. Rxe7 Qxe7 32. g5 Qe5 33. gxf6 Qxd4 1/2-1/2

[Event "East Devon op"]
[Site "Exeter"]
[Date "2008.03.02"]
[Round "4"]
[White "Wheeler, John Francis"]
[Black "Ponter, Ian"]
[Result "1-0"]
[WhiteElo "2040"]
[BlackElo "1960"]
[PlyCount "75"]
[EventDate "2008.02.29"]
[EventType "swiss"]
[EventRounds "5"]
[EventCountry "ENG"]
[SourceTitle "EXT 2009"]
[Source "ChessBase"]
[SourceDate "2008.11.26"]
[SourceVersion "1"]
[SourceVersionDate "2008.11.26"]
[SourceQuality "1"]

1. d4 Nf6 2. c4 e6 3. Nf3 Bb4+ 4. Nc3 Ne4 5. Qc2 f5 6. e3 b6 7. Bd3 Bb7 8. 0-0 Bxc3 9. bxc3 0-0 10. Nd2 Nxd2 11. Bxd2 Nc6 12. e4 f4 13. e5 Qh4 14. f3 Ne7 15. Be4 Bxe4 16. Qxe4 Ng6 17. Be1 Qe7 18. Rd1 c6 19. Bf2 Qa3 20. Qc2 Rac8 21. Rfe1 Rf5 22. Qb3 Qe7 23. a4 Rb8 24. a5 b5 25. Re4 Qd8 26. Ra1 Rf8 27. Re2 Qc7 28. cxb5 Rxb5 29. Qa2 Rfb8 30. c4 Rb3 31. d5 Nxe5 32. Bb6 R3xb6 33. axb6 Qxb6+ 34. Kf1 Nd3 35. dxe6 dxe6 36. Qc2 Nc5 37. Ree1 Qc7 38. Qd2 1-0

[Event "Paignton op"]
[Site "Paignton"]
[Date "2007.09.02"]
[Round "1"]
[White "Ponter, Ian"]
[Black "Roberts, David Llewelyn"]
[Result "1-0"]
[WhiteElo "2037"]
[BlackElo "2140"]
[PlyCount "45"]
[EventDate "2007.09.02"]
[EventType "swiss"]
[EventRounds "7"]
[EventCountry "ENG"]
[SourceTitle "EXT 2008"]
[Source "ChessBase"]
[SourceDate "2007.11.25"]
[SourceVersion "1"]
[SourceVersionDate "2007.11.25"]
[SourceQuality "1"]

1. e4 e5 2. Nf3 Nc6 3. d4 exd4 4. Nxd4 Bc5 5. Be3 Qf6 6. c3 Nge7 7. Bc4 0-0 8. 0-0 Bb6 9. a4 Bxd4 10. cxd4 d5 11. exd5 Nb4 12. Nc3 Bf5 13. Qd2 Qg6 14. Bf4 Rac8 15. Rae1 Rfe8 16. Re3 Nc2 17. Rg3 Qb6 18. Bb5 Red8 19. Be5 f6 20. a5 Qxa5 21. Bxf6 Ng6 22. Bxd8 Rxd8 23. Rg5 1-0

[Event "West of England op"]
[Site "Exmouth"]
[Date "2007.04.09"]
[Round "7"]
[White "Hall, Joshua DW"]
[Black "Ponter, Ian"]
[Result "0-1"]
[WhiteElo "1824"]
[BlackElo "1960"]
[PlyCount "92"]
[EventDate "2007.04.06"]
[EventType "swiss"]
[EventRounds "7"]
[EventCountry "ENG"]
[SourceTitle "CBM 118 Extra"]
[Source "ChessBase"]
[SourceDate "2007.07.04"]
[SourceVersion "1"]
[SourceVersionDate "2007.07.04"]
[SourceQuality "1"]

1. e4 e5 2. Nf3 Nc6 3. Nc3 Nf6 4. d4 exd4 5. Nxd4 Bc5 6. Be3 Bb6 7. Bc4 0-0 8. Bb3 d6 9. f3 Na5 10. Qd3 Nd7 11. Nd5 c5 12. Nf5 c4 13. Nde7+ Kh8 14. Qc3 f6 15. Bxb6 axb6 16. Bxc4 Ne5 17. f4 Nexc4 18. b4 g6 19. e5 fxe5 20. fxe5 Nxe5 21. bxa5 Bxf5 22. Nxf5 Rxf5 23. 0-0-0 Rxa5 24. Rhe1 Rc5 25. Qb2 Qc7 26. Re2 h6 27. Qd4 Rf6 28. g4 Kh7 29. h4 Rc4 30. Qb2 Rxg4 31. Qb5 Qc6 32. Rxe5 dxe5 33. Rd7+ Kg8 34. Qb3+ Rc4 35. Rd2 b5 36. Qd3 Rd4 37. Qb3+ Qc4 38. Qxc4+ bxc4 39. Re2 c3 40. Re1 Rd2 41. a4 Rff2 42. a5 Rxc2+ 43. Kb1 Rb2+ 44. Kc1 Ra2 45. Kb1 Rfb2+ 46. Kc1 Ra1# 0-1

[Event "West of England op"]
[Site "Exmouth"]
[Date "2007.04.08"]
[Round "5"]
[White "Ponter, Ian"]
[Black "Hall, Daniel"]
[Result "1/2-1/2"]
[WhiteElo "1960"]
[BlackElo "1992"]
[PlyCount "69"]
[EventDate "2007.04.06"]
[EventType "swiss"]
[EventRounds "7"]
[EventCountry "ENG"]
[SourceTitle "CBM 118 Extra"]
[Source "ChessBase"]
[SourceDate "2007.07.04"]
[SourceVersion "1"]
[SourceVersionDate "2007.07.04"]
[SourceQuality "1"]

1. e4 c5 2. Nf3 e6 3. d4 cxd4 4. Nxd4 Nf6 5. Nc3 d6 6. Be3 Be7 7. f4 Nc6 8. Be2 a6 9. 0-0 0-0 10. a4 Qc7 11. Kh1 Rd8 12. Qe1 e5 13. Nf3 exf4 14. Bxf4 Ne5 15. Rd1 Be6 16. Nd4 Rac8 17. Nxe6 fxe6 18. Qg3 Ng6 19. Be3 Rf8 20. Qh3 Qd7 21. Bd3 Ne5 22. Bd4 Nxd3 23. Rxd3 e5 24. Rxf6 Qxh3 25. Rxf8+ Kxf8 26. gxh3 exd4 27. Rxd4 Bf6 28. Rxd6 Bxc3 29. bxc3 Rxc3 30. Rb6 Rxc2 31. Rxb7 Rc4 32. a5 Rc5 33. Kg2 Rxa5 34. Kf3 Ra3+ 35. Kg4 1/2-1/2

[Event "West of England op"]
[Site "Exmouth"]
[Date "2007.04.07"]
[Round "3"]
[White "Ponter, Ian"]
[Black "Bass, John W"]
[Result "1-0"]
[WhiteElo "1960"]
[BlackElo "1912"]
[PlyCount "35"]
[EventDate "2007.04.06"]
[EventType "swiss"]
[EventRounds "7"]
[EventCountry "ENG"]
[SourceTitle "CBM 118 Extra"]
[Source "ChessBase"]
[SourceDate "2007.07.04"]
[SourceVersion "1"]
[SourceVersionDate "2007.07.04"]
[SourceQuality "1"]

1. e4 c5 2. Nf3 e6 3. d4 cxd4 4. Nxd4 a6 5. Nc3 Qc7 6. Be2 b5 7. Bf3 Bb7 8. 0-0 Nc6 9. Re1 d6 10. a4 bxa4 11. Rxa4 Nxd4 12. Qxd4 Ne7 13. Bg5 Ng6 14. Be2 Be7 15. Bxe7 Qxe7 16. Qxg7 f6 17. Qh6 Rg8 18. Rea1 1-0

[Event "Bristol op"]
[Site "Bristol"]
[Date "2006.12.10"]
[Round "4"]
[White "Ponter, Ian"]
[Black "Turner, Joseph David"]
[Result "0-1"]
[WhiteElo "1960"]
[BlackElo "1736"]
[PlyCount "62"]
[EventDate "2006.12.08"]
[EventType "swiss"]
[EventRounds "5"]
[EventCountry "ENG"]
[SourceTitle "EXT 2008"]
[Source "ChessBase"]
[SourceDate "2007.11.25"]
[SourceVersion "1"]
[SourceVersionDate "2007.11.25"]
[SourceQuality "1"]

1. e4 e5 2. Nf3 d5 3. exd5 Bd6 4. d4 e4 5. Ne5 Nf6 6. Bb5+ Bd7 7. Nxd7 Nbxd7 8. Bxd7+ Qxd7 9. Nc3 Bb4 10. 0-0 Bxc3 11. bxc3 Qxd5 12. Ba3 h5 13. Qe2 0-0-0 14. Rab1 a6 15. Rb3 Rh6 16. Rfb1 Rg6 17. c4 Qg5 18. Rg3 Qa5 19. Rxg6 fxg6 20. Qe3 b6 21. c5 bxc5 22. Bxc5 Qxa2 23. Qc1 Nd5 24. Ra1 Qc4 25. h3 Nb4 26. Bxb4 Qxb4 27. c3 Qc4 28. Qe1 Re8 29. Rb1 e3 30. fxe3 Qd3 31. Ra1 Rxe3 0-1

[Event "Dorset op"]
[Site "Weymouth"]
[Date "2006.10.08"]
[Round "5"]
[White "Gregory, Keith D"]
[Black "Ponter, Ian"]
[Result "1-0"]
[WhiteElo "2069"]
[BlackElo "2045"]
[PlyCount "83"]
[EventDate "2006.10.06"]
[EventType "swiss"]
[EventRounds "5"]
[EventCountry "ENG"]
[SourceTitle "EXT 2008"]
[Source "ChessBase"]
[SourceDate "2007.11.25"]
[SourceVersion "1"]
[SourceVersionDate "2007.11.25"]
[SourceQuality "1"]

1. Nf3 d5 2. g3 Nf6 3. Bg2 Bf5 4. 0-0 Nc6 5. d3 e5 6. c3 Qd7 7. b4 Bd6 8. a4 0-0 9. b5 Ne7 10. Ba3 c5 11. bxc6 Nxc6 12. Bxd6 Qxd6 13. Qb3 Rab8 14. Rd1 Rfd8 15. Na3 h6 16. Qb2 Qe6 17. Nc2 Qe7 18. Rab1 e4 19. Nfd4 Bd7 20. Qa1 Ng4 21. h3 Nf6 22. a5 Qe5 23. a6 b6 24. Nxc6 Bxc6 25. c4 Qxa1 26. Rxa1 dxc4 27. Nb4 Bb5 28. dxe4 Nd7 29. f4 Nc5 30. e5 Rxd1+ 31. Rxd1 Nxa6 32. Nxa6 Bxa6 33. Ra1 Bb7 34. Rxa7 Bxg2 35. Kxg2 b5 36. Rc7 Ra8 37. Rc5 Ra5 38. Kf3 Ra3+ 39. e3 Rb3 40. f5 c3 41. Rc8+ Kh7 42. e6 1-0

[Event "Dorset op"]
[Site "Weymouth"]
[Date "2006.10.07"]
[Round "3"]
[White "Mansson, James C"]
[Black "Ponter, Ian"]
[Result "0-1"]
[WhiteElo "2120"]
[BlackElo "2045"]
[PlyCount "98"]
[EventDate "2006.10.06"]
[EventType "swiss"]
[EventRounds "5"]
[EventCountry "ENG"]
[SourceTitle "EXT 2008"]
[Source "ChessBase"]
[SourceDate "2007.11.25"]
[SourceVersion "1"]
[SourceVersionDate "2007.11.25"]
[SourceQuality "1"]

1. e4 e5 2. Nf3 Nc6 3. Bb5 a6 4. Ba4 Nf6 5. 0-0 b5 6. Bb3 Bc5 7. a4 Rb8 8. c3 Nxe4 9. d4 exd4 10. Re1 d5 11. Nxd4 Nxd4 12. cxd4 Be7 13. axb5 axb5 14. f3 Nf6 15. Qe2 Be6 16. Nc3 0-0 17. Bf4 Bb4 18. Rec1 Re8 19. Ra7 Bd6 20. Bxd6 Qxd6 21. Qe5 Qb4 22. Ra3 c6 23. Qf4 Bd7 24. g4 Qe7 25. Ra7 Ra8 26. Rc7 Rec8 27. Rb7 Rd8 28. Bc2 Ne8 29. Qd2 Nd6 30. Rc7 Qf6 31. Qd3 g6 32. Rf1 b4 33. Ne2 Nc4 34. b3 Na3 35. Bd1 Qd6 36. Rb7 Nb5 37. Qd2 Ra6 38. Qh6 Bc8 39. Rxf7 Kxf7 40. Qxh7+ Ke8 41. Nf4 Ra7 42. Qg8+ Kd7 43. Qf7+ Qe7 44. Qxg6 Kc7 45. Kf2 Qh4+ 46. Kg2 Ra2+ 47. Be2 Nc3 48. Qg7+ Kb6 49. Qe5 Ba6 0-1

[Event "BCF-chT4 0607 (4NCL)"]
[Site "Sunningdale"]
[Date "2006.09.24"]
[Round "2.2"]
[White "Ponter, Ian"]
[Black "Dickinson, Timothy R"]
[Result "0-1"]
[WhiteElo "2048"]
[BlackElo "2206"]
[PlyCount "72"]
[EventDate "2006.09.16"]
[EventType "team"]
[EventRounds "11"]
[EventCountry "ENG"]
[SourceTitle "CBM 115 Extra"]
[Source "ChessBase"]
[SourceDate "2007.01.10"]
[SourceVersion "1"]
[SourceVersionDate "2007.01.10"]
[SourceQuality "1"]
[WhiteTeam "Gloucestershire Gambits"]
[BlackTeam "Oxford II"]
[WhiteTeamCountry "ENG"]
[BlackTeamCountry "ENG"]

1. e4 c6 2. d4 d5 3. Nc3 dxe4 4. Nxe4 Nd7 5. Bc4 Ngf6 6. Nxf6+ Nxf6 7. Ne2 Bg4 8. f3 Bf5 9. Be3 Nd5 10. Bxd5 cxd5 11. Nf4 e6 12. g4 Bd6 13. Qe2 Bg6 14. h4 Qc7 15. Nxg6 hxg6 16. 0-0-0 0-0-0 17. Kb1 Be7 18. Rd3 Qg3 19. Bf2 Qf4 20. Rc3+ Kb8 21. Rh3 Ka8 22. Bg3 Qxd4 23. Rh1 Bd6 24. Bxd6 Rxd6 25. Rc7 Rf8 26. Rd1 Qb6 27. Rc3 Rc6 28. Rb3 Qc7 29. Rdd3 Qg3 30. h5 gxh5 31. gxh5 Qg1+ 32. Rd1 Qg5 33. Qb5 Rc7 34. Qa5 Rfc8 35. Ra3 a6 36. Rh1 Rxc2 0-1

[Event "West of England op"]
[Site "Exmouth"]
[Date "2006.04.16"]
[Round "5"]
[White "Minnican, Alan William"]
[Black "Ponter, Ian"]
[Result "1/2-1/2"]
[WhiteElo "2150"]
[BlackElo "2041"]
[PlyCount "26"]
[EventDate "2006.04.14"]
[EventType "swiss"]
[EventRounds "7"]
[EventCountry "ENG"]
[SourceTitle "EXT 2007"]
[Source "ChessBase"]
[SourceDate "2006.11.23"]
[SourceVersion "1"]
[SourceVersionDate "2006.11.23"]
[SourceQuality "1"]

1. c4 c6 2. Nf3 d5 3. g3 Nf6 4. Bg2 Bf5 5. b3 Nbd7 6. Bb2 e6 7. 0-0 Bd6 8. d3 0-0 9. Nh4 Bg6 10. Nxg6 hxg6 11. e4 dxe4 12. dxe4 Be5 13. Bxe5 Nxe5 1/2-1/2

[Event "West of England op"]
[Site "Exmouth"]
[Date "2006.04.15"]
[Round "4"]
[White "Ponter, Ian"]
[Black "Jamieson, Ian M"]
[Result "1-0"]
[WhiteElo "2041"]
[BlackElo "2010"]
[PlyCount "63"]
[EventDate "2006.04.14"]
[EventType "swiss"]
[EventRounds "7"]
[EventCountry "ENG"]
[SourceTitle "EXT 2007"]
[Source "ChessBase"]
[SourceDate "2006.11.23"]
[SourceVersion "1"]
[SourceVersionDate "2006.11.23"]
[SourceQuality "1"]

1. e4 e6 2. d4 a6 3. Nf3 b5 4. Bd3 Bb7 5. 0-0 Nf6 6. Qe2 c5 7. c3 Qb6 8. Nbd2 d5 9. e5 Nfd7 10. dxc5 Nxc5 11. Bc2 Nc6 12. Re1 b4 13. c4 a5 14. cxd5 exd5 15. Nb3 Ne6 16. Bf5 Be7 17. Rd1 Ba6 18. Qe1 a4 19. Be3 Nc5 20. Nxc5 Bxc5 21. Bxc5 Qxc5 22. Rac1 Qb5 23. e6 f6 24. Nd4 Nxd4 25. Rxd4 Rb8 26. Qd1 Bb7 27. Qh5+ g6 28. Bxg6+ Ke7 29. Bd3 Qe8 30. Rc7+ Kd6 31. Rd7+ Kc6 32. Qxd5+ 1-0

[Event "East Devon op"]
[Site "Exeter"]
[Date "2006.03.05"]
[Round "5"]
[White "O'Gorman, Brendan"]
[Black "Ponter, Ian"]
[Result "0-1"]
[WhiteElo "1808"]
[BlackElo "1880"]
[PlyCount "104"]
[EventDate "2006.03.03"]
[EventType "swiss"]
[EventRounds "5"]
[EventCountry "ENG"]
[SourceTitle "EXT 2007"]
[Source "ChessBase"]
[SourceDate "2006.11.23"]
[SourceVersion "1"]
[SourceVersionDate "2006.11.23"]
[SourceQuality "1"]

1. Nf3 Nf6 2. c4 c6 3. Nc3 d5 4. d4 dxc4 5. a4 Bf5 6. Nh4 g6 7. Nxf5 gxf5 8. e3 e6 9. Bxc4 Bd6 10. Qf3 Nbd7 11. Bd2 Qc7 12. a5 Bb4 13. a6 Bxc3 14. Bxc3 b6 15. Qg3 0-0-0 16. Bb4 Ne4 17. Qxc7+ Kxc7 18. f3 Nd6 19. Bd3 Rhg8 20. Kf2 Nb8 21. Rae1 Kd7 22. e4 fxe4 23. fxe4 Rg4 24. h3 Nxe4+ 25. Kg1 Nf2 26. Be2 Nxh3+ 27. Kh2 Rxd4 28. Rd1 c5 29. Rxd4+ cxd4 30. Kxh3 Rc8 31. Bb5+ Kd8 32. Rf1 f5 33. Rf4 Nc6 34. Bxc6 Rxc6 35. Rxd4+ Ke8 36. Rd6 Rxd6 37. Bxd6 Kd7 38. Bb8 Kc6 39. Bxa7 Kb5 40. Bb8 Kxa6 41. Kg3 Kb7 42. Be5 Kc6 43. Kf4 Kd5 44. Bc7 b5 45. Be5 h6 46. Bg7 h5 47. Kg5 Ke4 48. Kxh5 Kf4 49. Kh4 e5 50. g3+ Ke4 51. Kg5 f4 52. Bxe5 f3 0-1

[Event "East Devon op"]
[Site "Exeter"]
[Date "2006.03.04"]
[Round "2"]
[White "Ponter, Ian"]
[Black "Hutchings, Philip J"]
[Result "1-0"]
[WhiteElo "1880"]
[BlackElo "1792"]
[PlyCount "101"]
[EventDate "2006.03.03"]
[EventType "swiss"]
[EventRounds "5"]
[EventCountry "ENG"]
[SourceTitle "EXT 2007"]
[Source "ChessBase"]
[SourceDate "2006.11.23"]
[SourceVersion "1"]
[SourceVersionDate "2006.11.23"]
[SourceQuality "1"]

1. e4 e5 2. Nf3 Nc6 3. d4 exd4 4. Nxd4 Nf6 5. Nxc6 bxc6 6. e5 Qe7 7. Qe2 Nd5 8. c4 Ba6 9. b3 0-0-0 10. g3 f6 11. Bg2 fxe5 12. 0-0 Nf6 13. Re1 d5 14. Ba3 Qd7 15. Qd2 d4 16. Qa5 Bb7 17. Nd2 Bxa3 18. Qxa3 Rhe8 19. Qxa7 e4 20. Nxe4 Nxe4 21. Rxe4 Rxe4 22. Bxe4 d3 23. Rd1 Qg4 24. f3 Qg5 25. Kf2 Qh6 26. Bf5+ Rd7 27. h4 Qf6 28. Bxd7+ Kxd7 29. Rxd3+ Kc8 30. Qd4 Qe7 31. c5 Ba6 32. Re3 Qf7 33. Qg4+ Kb7 34. Qe6 Qf8 35. b4 Qd8 36. g4 Qd2+ 37. Kg3 Qd1 38. Re1 Qd2 39. a3 Qd4 40. Qe3 Qb2 41. Qc1 Qd4 42. Qf4 Qd7 43. Qg5 h6 44. Qe7 Qd3 45. Qxg7 Bc4 46. Qxh6 Qxa3 47. Qe3 Qxb4 48. h5 Qb2 49. h6 Qf6 50. g5 Qf5 51. Qf4 1-0

[Event "BCF-chT4 0506 (4NCL)"]
[Site "West Bromwich"]
[Date "2005.11.06"]
[Round "2.6"]
[White "Ponter, Ian"]
[Black "Hall, Joshua DW"]
[Result "1-0"]
[WhiteElo "2050"]
[BlackElo "2020"]
[PlyCount "225"]
[EventDate "2005.11.05"]
[EventType "team"]
[EventRounds "11"]
[EventCountry "ENG"]
[SourceTitle "CBM 109 Extra"]
[Source "ChessBase"]
[SourceDate "2006.01.03"]
[SourceVersion "2"]
[SourceVersionDate "2006.01.03"]
[SourceQuality "1"]
[WhiteTeam "Gloucestershire Gambits"]
[BlackTeam "Brown Jack"]
[WhiteTeamCountry "ENG"]
[BlackTeamCountry "ENG"]

1. e4 d5 2. exd5 Nf6 3. d4 Nxd5 4. c4 Nf6 5. Nc3 e5 6. dxe5 Qxd1+ 7. Nxd1 Ne4 8. a3 Nc6 9. Nf3 Bg4 10. Be2 0-0-0 11. h3 Bh5 12. g4 Bg6 13. 0-0 Bc5 14. Be3 Bxe3 15. Nxe3 Rhe8 16. Rad1 Nxe5 17. Rxd8+ Kxd8 18. Nxe5 Rxe5 19. f4 Re8 20. f5 Ng3 21. Rd1+ Kc8 22. Kf2 Bxf5 23. Nxf5 Ne4+ 24. Ke1 g6 25. Nd4 a6 26. Rd3 Nc5 27. Rf3 Re4 28. Nb3 Na4 29. Rxf7 b6 30. Nd2 Re3 31. Rf3 Re7 32. Kf2 Nxb2 33. Nb3 Na4 34. Bd1 Rd7 35. Rf8+ Kb7 36. Bf3+ c6 37. Ke3 Nb2 38. Be2 a5 39. Re8 Kc7 40. Nd4 Rf7 41. Re6 Kd7 42. Re4 Na4 43. Nf3 Kd6 44. Ng5 Rb7 45. Re6+ Kd7 46. Rf6 Ke8 47. Rxc6 Nc5 48. Bf3 Re7+ 49. Ne4 Na4 50. Kf4 Rf7+ 51. Nf6+ Kf8 52. g5 Nb2 53. Rc8+ Ke7 54. Bd5 Rg7 55. Re8+ Kd6 56. Re6+ Kc5 57. Rc6+ Kd4 58. Rxb6 Nd3+ 59. Kg3 Re7 60. Ng4 Nc5 61. Rb8 Re1 62. Ra8 Rg1+ 63. Kh2 Ra1 64. Rxa5 Nd3 65. Ra8 Nf4 66. Bg8 Ra2+ 67. Kg3 Nh5+ 68. Kf3 Rc2 69. Rd8+ Kc5 70. Rd3 Rc1 71. Rd5+ Kc6 72. Ne5+ Kc7 73. Bxh7 Rf1+ 74. Ke3 Rh1 75. Bxg6 Rxh3+ 76. Kd4 Nf4 77. Rc5+ Kb7 78. Be4+ Kb6 79. Nd7+ Ka6 80. Rc6+ Ka7 81. Rc7+ Ka6 82. Bb7+ Ka5 83. Rc5+ Ka4 84. Nb6+ Kxa3 85. Ra5+ Kb4 86. Rb5+ Ka3 87. c5 Ne6+ 88. Ke5 Nc7 89. Ra5+ Kb4 90. Ra1 Kxc5 91. Nd7+ Kb5 92. Rb1+ Ka4 93. Bc6+ Ka3 94. Rg1 Ne8 95. g6 Rh6 96. Nf6 Ng7 97. Rg3+ Kb4 98. Nd5+ Kc5 99. Ne7 Nh5 100. Rg5 Kb6 101. Bf3 Ng7 102. Kf6 Ne8+ 103. Ke5 Kc7 104. Nf5 Rh3 105. g7 Nxg7 106. Rxg7+ Kb6 107. Be4 Rh2 108. Rg6+ Kb5 109. Nd4+ Kb4 110. Rb6+ Kc3 111. Rb3+ Kc4 112. Bd5+ Kc5 113. Rb5# 1-0